| 000 | 00469nam a2200193Ia 4500 | ||
|---|---|---|---|
| 003 | GCL | ||
| 008 | 140319s9999 xx 000 0 eng d | ||
| 040 |
_aGCL / _cGCL |
||
| 082 | 0 | 4 |
_a616.12 _bK C |
| 100 | 1 | _aKINNEY, MARGUERITE | |
| 245 | 1 | 0 |
_aCOMPREHENSIVE CARDIAC CARE / _cKINNEY, MARGUERITE |
| 700 | 1 | _aPACKA, DONNA | |
| 260 |
_a[S.N] : _bMOSBY ، _c1996 |
||
| 300 | _a512 | ||
| 650 | 0 | 4 | _aANATOMY |
| 650 | 0 | 4 | _aPHYSIOLOGY |
| 650 | 0 | 4 | _aHEART |
| 942 |
_2ddc _cBK |
||
| 999 |
_c10691 _d10691 |
||